Capital of Indian States - Statistics

General Stats
  • This quiz has been taken 153 times
    99 since last reset
  • The average score is 25 of 39
Answer Stats
State / Union Territory Administrative Capital % Correct
Maharashtra Mumbai
95%
Telangana Hyderabad
88%
Tamil Nadu Chennai
87%
Karnataka Bangalore
86%
Rajasthan Jaipur
86%
West Bengal Kolkata
86%
Delhi New Delhi
86%
Uttar Pradesh Lucknow
82%
Haryana Chandigarh
81%
Punjab Chandigarh
81%
Chandigarh Chandigarh
81%
Madhya Pradesh Bhopal
76%
Bihar Patna
76%
Jharkhand Ranchi
71%
Kerala Thiruvananthapuram
71%
Gujarat Gandhinagar
69%
Goa Panaji
69%
Chhattisgarh Naya Raipur
68%
Himachal Pradesh Shimla
67%
Puducherry Pondicherry
65%
Jammu and Kashmir(Winter) Jammu
64%
Jammu and Kashmir(Summer) Srinagar
63%
Odisha Bhubaneswar
62%
Ladakh(Summer) Leh
62%
Assam Dispur
60%
Sikkim Gangtok
60%
Manipur Imphal
56%
Meghalaya Shillong
56%
Mizoram Aizawl
54%
Andhra Pradesh Amaravati
54%
Dadra and Nagar Haveli and Daman and Diu Daman
54%
Arunachal Pradesh Itanagar
53%
Andaman and Nicobar Islands Port Blair
50%
Uttarakhand(Winter) Dehradun
49%
Nagaland Kohima
47%
Tripura Agartala
46%
Lakshadweep Kavaratti
23%
Ladakh(Winter) Kargil
18%
Uttarakhand(Summer) Gairsain
10%
No matching quizzes found
Score Distribution
Percent of People with Each Score
Percentile by Number Answered
Your Score History
You have not taken this quiz since the last reset